The community factory in modern technology

Sparad:
Bibliografiska uppgifter
Huvudupphovsman: Scott, Jerome F.
Materialtyp: Bok
Språk:Undetermined
Publicerad: Paris Unesco 1952
Ämnen:
Taggar: Lägg till en tagg
Inga taggar, Lägg till första taggen!
Thư viện lưu trữ: Trung tâm Học liệu Trường Đại học Cần Thơ
LEADER 00519nam a2200193Ia 4500
001 CTU_86698
008 210402s9999 xx 000 0 und d
082 |a 303.483 
082 |b S425 
100 |a Scott, Jerome F. 
245 4 |a The community factory in modern technology 
245 0 |c Jerome F. Scott 
260 |a Paris 
260 |b Unesco 
260 |c 1952 
650 |a Communications life,Industries 
650 |x Social aspects 
904 |i Năm 
980 |a Trung tâm Học liệu Trường Đại học Cần Thơ